Ecclesiology.

محفوظ في:

التنسيق: دورية

اللغة: Undetermined

الموضوعات:

الوصول للمادة أونلاين: Login to view Source

الوسوم: إضافة وسم

لا توجد وسوم, كن أول من يضع وسما على هذه التسجيلة!

رقم الطلب:

LEADER 00517nms a2200181Ia 4500
005 20240402051715.0
008 240131s9999||||xx |||||||||||||||||und||
999 |c 56373  |d 56373 
022 |a 1744-1366 
022 |a 1745-5316 
245 0 0 |a Ecclesiology. 
336 |2 rdacontent  |a text  |b txt 
337 |2 rdamedia  |a unmediated  |b n 
338 |2 rdacarrier  |a volume  |b n 
500 |a BRILLBRILLJ 
650 4 |a Christian Churches & denominations. 
856 |z ECSO  |u https://brill.com/view/journals/ecso/ecso-overview.xml 
942 |2 lcc  |c EJL